| 000 | 01398nam0a22002891 4500 | ||
|---|---|---|---|
| 001 | RU\NLR\BIBL_A\022690025 | ||
| 005 | 20260405143741.0 | ||
| 021 |
_aRU _b44-9422 |
||
| 035 | _a(NLR Aleph) 022690025 | ||
| 090 |
_a88998 _c88998 |
||
| 100 | _a20251217d1944 u y0rusy50 ca | ||
| 101 | 0 | _arus | |
| 102 | _aRU | ||
| 105 | _ay|||||||||||| | ||
| 181 | 0 |
_ai _baxxe |
|
| 182 | 0 | _an | |
| 200 | 1 |
_aОб увеличении государственной помощи беременным женщинам, многодетным и одиноким матерям, усилении охраны материнства и детства, об установлении почетного звания "Мать-героиня" и учреждении ордена "Материнская слава" и медали "Медаль материнства" _eУказ Президиума Верховного Совета СССР |
|
| 203 |
_aТекст _bвизуальный _cнепосредственный |
||
| 210 |
_aМосква _cЮрид. изд-во _d1944 |
||
| 215 |
_a16 с., без тит. л. _d13 см |
||
| 710 | 0 | 1 |
_aСССР _bВерховный Совет _bПрезидиум _3RU\NLR\AUTH\8810065327 _9632247 |
| 852 |
_aNLR _jП60 Г-2/59 |
||
| 942 | _cBOOK | ||
| 945 | _aРоссийская национальная библиотека | ||
| 980 | _aNB | ||
| 980 | _aBV | ||